Yugacāraṇa Dinakara. (Record no. 58566)

MARC details
000 -LEADER
fixed length control field 00538cam a22002171 4500
001 - CONTROL NUMBER
control field sa 64004526
003 - CONTROL NUMBER IDENTIFIER
control field DLC
005 - DATE AND TIME OF LATEST TRANSACTION
control field 20260227112025.0
008 - FIXED-LENGTH DATA ELEMENTS--GENERAL INFORMATION
fixed length control field 890516s1963 ii c 000 0 hino
010 ## - LIBRARY OF CONGRESS CONTROL NUMBER
LC control number sa 64004526
035 ## - SYSTEM CONTROL NUMBER
System control number (OCoLC)19715934
040 ## - CATALOGING SOURCE
Original cataloging agency DLC
Transcribing agency WaU
Modifying agency DLC
042 ## - AUTHENTICATION CODE
Authentication code premarc
050 00 - LIBRARY OF CONGRESS CALL NUMBER
Classification number PK2098.S559
Item number Z85
100 1# - MAIN ENTRY--PERSONAL NAME
Personal name Sinha, Savitri.
245 10 - TITLE STATEMENT
Title Yugacāraṇa Dinakara.
260 ## - PUBLICATION, DISTRIBUTION, ETC.
Date of publication, distribution, etc. [1963]
300 ## - PHYSICAL DESCRIPTION
Extent 312 p.
Other physical details ports.
Dimensions 23 cm.
500 ## - GENERAL NOTE
General note In Hindi.
600 10 - SUBJECT ADDED ENTRY--PERSONAL NAME
Personal name Dinkar, Ramdhari Sinha,
Dates associated with a name 1908-1974.

No items available.

Powered by Koha